=LDR 00000nam 2200000 4500 =001 INLIS000000000017341 =005 20130612112537 =008 ***********************************Ind** =035 ##$$0010-061300000017341 =041 ##$$a Ind =082 ##$$a 616 =090 ##$$a 616, Bos p =100 ##$$a Bosker, Gideon =245 ##$$a Panduan konsul cepat untuk kedokteran klinik, Gideon Bosker =260 ##$$a 2000 $b Jakarta =300 ##$$a xv, 457 hlm, 21 cm =650 ##$$a Kedokteran Klinik =850 ##$$a NBPNMAT